Datum a čas kvízu
34
Celkem bodů
Celkový počet nahraných bodů na tomto kvízu bez doplňovacích otázek.
2.
Pořadí na kvízu
Konečné umístění týmu na tomto kvízu.
Zaznamenané odpovědi
| # | Otázka | Odpověď | Body | Výsledky |
|---|---|---|---|---|
| 1. | Šéf Generální inspekce bezpečn... | 1 | ||
| 2. | Archeologové našli na německém... | 1 | ||
| 3. | Ve čtvrtek začal 31. ročník fi... | 0 | ||
| 4. | Česko a Slovensko dostaly od E... | 1 | ||
| 5. | V pátek a v sobotu se v Klatov... | 1 | ||
| 6. | Ve kterém městě (má asi 50 000... | 0 | ||
| 7. | Velký úspěch minulý rok zaznam... | 0 | ||
| 8. | Olga Sommerová je od roku 2014... | 0 | ||
| 9. | Režisérka Helena Třeštíková na... | 0 | ||
| 10. | Seřaďte tyto dokumenty podle j... | 1 |